Statistics for 808s and Heartbreak Lyrics (Kanye West)

Click here to take the quiz!

General Stats

  • This quiz has been taken 41 times
  • The average score is 5 of 12

Answer Stats

HintAnswer% Correct
Why do she be so mad at me for, homie I don't know she's hot and coldHeartless
87%
Tell me right now, you really want to spend your whole life alone?Paranoid
52%
I'm not loving you, the way I wanted toLove Lockdown
48%
She said she ain't take it to this degree, well let's all agree to disagreeRoboCop
43%
See I know my destination, but I'm just not thereStreet Lights
43%
Dad cracked a joke all the kids laughed, but I couldn't hear him all the way in first classWelcome to Heartbreak
43%
My reign is as far as your eyes can seeAmazing
39%
Its 4 am and I can't sleep, her love is all that I can seeColdest Winter
39%
I admit I still fantasize about you, about youSay You Will
35%
While i'm waiting on a dream that'll never come trueBad News
26%
That could bring back a piece of real life, real life what does it feel likePinocchio's Story
22%
After tonight, there will be no return, after tonight, I'm taking off on the roadSee you in my Nightmares
17%

Score Distribution

Percentile by Number Answered

Percent of People with Each Score

Your Score History

You have not taken this quiz